Devinez la Capitale Mystère #117 - Statistiques

Statistiques générales
  • Ce quiz a été pris 115 fois
  • Le résultat moyen est 29 sur 36
Statistiques - réponses
Type de Réponse Réponse % Correct
Lettre Trouvée I
100%
Lettre de l'Alphabet A
99%
Lettre Trouvée O
99%
Lettre de l'Alphabet R
99%
Lettre de l'Alphabet E
98%
Lettre Trouvée N
98%
Lettre de l'Alphabet L
95%
Lettre Trouvée S
95%
Lettre de l'Alphabet D
94%
Lettre de l'Alphabet P
94%
Lettre Trouvée T
93%
Lettre de l'Alphabet U
93%
Lettre de l'Alphabet B
91%
Lettre de l'Alphabet M
90%
Lettre de l'Alphabet C
86%
Lettre Bien Placée S
85%
Lettre Trouvée G
84%
Lettre Trouvée K
83%
Lettre Trouvée W
83%
Lettre de l'Alphabet H
81%
Lettre Bien Placée I
80%
Lettre de l'Alphabet V
79%
Lettre Bien Placée N
77%
Lettre de l'Alphabet X
75%
Lettre de l'Alphabet Y
75%
Lettre de l'Alphabet J
73%
Lettre Bien Placée O
70%
Lettre Bien Placée K
69%
Lettre de l'Alphabet Z
67%
Lettre de l'Alphabet F
64%
Lettre Bien Placée T
64%
Lettre Bien Placée W
64%
Lettre Bien Placée G
63%
Lettre de l'Alphabet Q
62%
Capitale Mystère Kingstown
60%
Lettre Bien Placée N
60%
Aucun quiz correspondant
Distribution des résultats
% des personnes avec chaque résultat
Percentile par nombre de réponses
Votre historique - résultats
Vous n’avez pas pris ce quiz